Journal of financial economics

Uložené v:
Podrobná bibliografia
Médium: Seriál
Jazyk:English
Vydavateľské údaje: Amsterdam North-Holland Publ. Co. 1978
Tagy: Pridať tag
Žiadne tagy, Buďte prvý, kto otaguje tento záznam!

MARC

LEADER 00000nas2a2200000$$$4500
001 0009900
005 20250730114246.8
022 |a 0304-405X 
041 0 |a eng 
044 |a NL 
245 1 0 |a Journal of financial economics 
264 1 |a Amsterdam  |b North-Holland Publ. Co.  |c 1978 
300 |a 1 zv. 
773 0 |w eu_un_cat*0009517